000 00630nam a2200193 a 4500
005 20140310183351.0
008 070626s19uu xx 00 eng d
020 _a0071462007
050 _aHF 5439.S38
_b.L54 2004
100 _aLightle, Cheryl
245 _aCreative memories :
_bthe 10 timeless principles behind the company that pioneered the scrapbooking industry. /
_cCheryl Lightle.
260 _aNew York :
_bMcGraw-Hill,
_c2004.
300 _a201 p. :
_bill. ;
_c22 cm.
650 _aCreative Memories (firm).
650 _aSelling scrapbooks.
650 _aDirect selling.
942 _cBK
_2lcc
_kFOR
999 _c22076
_d22076